000 00572nam a22001937a 4500
003 OSt
005 20141209142312.0
008 141118b xxu||||| |||| 00| 0 eng d
040 _aBMC
_cBMC
082 _a880
082 _a870
100 1 _928509
_aPiñeros de Vásquez, Teresa
245 1 0 _aClásicos grecolatinos
_nI
_cTeresa Piñeros de Vásquez
260 _aBogotá
_bInstituto de Educación a Distancia, Universidad de la Sabana
_c[1983]
300 _a243 p.
_c24 cm
650 2 4 _928503
_aLiteratura griega
650 2 4 _928504
_aLiteratura latina
942 _2ddc
_cBK
999 _c15869
_d15869